The GUINNESS book of records 1993
| Other Authors: | |
|---|---|
| Format: | Book |
| Published: |
s.l :
Guiness Publishing ,
1992
|
| Subjects: |
MARC
| LEADER | 00000cam a2200000 7i4500 | ||
|---|---|---|---|
| 001 | 0000000266 | ||
| 002 | 000000337 | ||
| 005 | 20000330.0 | ||
| 020 | |a 0851129781 | ||
| 090 | 0 | 0 | |a 031.02 |b GUI |
| 245 | 0 | 4 | |a The GUINNESS book of records 1993 |c edited by Peter Mathews |
| 260 | |a s.l : |b Guiness Publishing , |c 1992 | ||
| 300 | |a 300p. : |b ILL. ; |c 30cm. | ||
| 650 | 0 | 0 | |a Records of achievement |x Collections |
| 650 | 0 | 0 | |a Records of achievement |y 1993 |
| 700 | 0 | |a MATTHEWS, Peter , |e editor | |
| 999 | |a 027904 |b BUKU |c PINJAMAN |e PERPUSTAKAAN KOMUNITI PETALING JAYA | ||